Pays avec les impôts les plus élevés - Statistiques

Statistiques générales
  • Ce quiz a été pris 35 fois
  • Le résultat moyen est 4 sur 7
Statistiques - réponses
Hint Réponse % Correct
57,2% Suède
91%
55,9% Danemark
88%
51,4% Finlande
79%
50% Belgique
76%
49,5% Pays-Bas
71%
59% Aruba
3%
60% Côte d'Ivoire
3%
Aucun quiz correspondant
Distribution des résultats
% des personnes avec chaque résultat
Percentile par nombre de réponses
Votre historique - résultats
Vous n’avez pas pris ce quiz